LEADER 01272nam a2200253 i 4500 001 000000184842 003 CaOOAMICUS 005 20100120000000.0 008 100120s2003 it u000 u ita u 013 $a162827 020 $a88-8025-408-1 040 $aSeMil$bita 100 1 $aTettamanzi, Dionigi,$c.$0(OLS)http://semarc/name/89456 245 13$aLe vostre case come di cristallo :$balle monache di clausura. Nella giornata mondiale per le comunità claustrali femminili /$cDionigi Tettamanzi Cardinale Arcivescovo di Milano. 260 $aMilano :$bCentro Ambrosiano,$c2003. 300 $a47 p. ;$c19 cm. 490 0 $aMagistero dell'Arcivescovo ;$v7 650 4$aMonache di clausura.$0(OLS)http://semarc/subject/34831 830 0$aMagistero dell'Arcivescovo ;$v7.$0(OLS)http://semarc/title/21726 850 $aSeMil 852 $aSeMil$W1$xVenegono$y1$m5D IX 19/7$j135534$B135534$CSeMilBibl$Z2$F150104 $81 996 $6020$a88-8025-408-1$9(OLS)http://semarc/number/174884 996 $6245$aLe vostre case come di cristallo :$balle monache di clausura. Nella giornata mondiale per le comunità claustrali femminili$9(OLS)http://semarc/title/265443 996 $6260$aMilano :$bCentro Ambrosiano$9(OLS)http://semarc/publisher/29766 LEADER 01222nam a2200253 i 4500 001 000000032352 003 CaOOAMICUS 005 20180830125449.0 008 180830s1925 it u000 u ita u 040 $aSeMil$bita 100 1 $aZanon, Francesco Saverio.$0(OLS)http://semarc/name/10667 245 12$aI Servi di Dio P. Anton'Angelo e P. Marcantonio conti Cavanis :$bstoria documentata della loro vita /$cP. Francesco Saverio Zanon. 246 04$iTitolo in copertina:$aI servi di Dio :$bfratelli Cavanis 260 $aVenezia :$bLibreria Emiliana,$c1925. 300 $a2 v. ;$c25 cm. 500 $aFondo card. Giovanni Colombo. 600 14$aCavanis, Antonio Angelo .$0(OLS)http://semarc/subject/5193 600 14$aCavanis, Marco Antonio .$0(OLS)http://semarc/subject/5192 774 0 $tVolume primo.$w()244347 774 0 $tVol. 2.$w()244348 941 1 $a3 996 $6245$aI Servi di Dio P. Anton'Angelo e P. Marcantonio conti Cavanis :$bstoria documentata della loro vita$9(OLS)http://semarc/title/32217 996 $6246$aI servi di Dio :$bfratelli Cavanis$9(OLS)http://semarc/title/43885 996 $6260$aVenezia :$bLibreria Emiliana$9(OLS)http://semarc/publisher/30736